Demokraták a demokrácia ellen? Tiltakozó mozgalmak Magyarországon az 1990-es választások után
Elmentve itt :
| Szerző: | |
|---|---|
| Adatforrás: | Meister |
| Forrásdokumentuma: | Korunk. - 10 sz., 1992, 52-61 p. |
| Nyelv: | magyar |
| Kulcsszavak: | politikatörténet politika-szociológia politikai intézmények politika polgári engedetlenség civil társadalom kommunizmus & posztkommunizmus értelmiség demokrácia rendszerváltás politikai elit elit polgárság Magyarország POWER Paul F. KONRÁD György SZELÉNYI Iván Magyar Demokrata Fórum (MDF) |
| LEADER | 00965nab a2200325 i 4500 | ||
|---|---|---|---|
| 001 | bibPRO00002271 | ||
| 008 | 060524s1992 xx hun | ||
| 040 | |a Sz1 | ||
| 041 | |a hun | ||
| 100 | 1 | |a BOZÓKI András | |
| 245 | 1 | 0 | |a Demokraták a demokrácia ellen? Tiltakozó mozgalmak Magyarországon az 1990-es választások után |c BOZÓKI András |
| 695 | |a politikatörténet | ||
| 695 | |a politika-szociológia | ||
| 695 | |a politikai intézmények | ||
| 695 | |a politika | ||
| 695 | |a polgári engedetlenség | ||
| 695 | |a civil társadalom | ||
| 695 | |a kommunizmus & posztkommunizmus | ||
| 695 | |a értelmiség | ||
| 695 | |a demokrácia | ||
| 695 | |a rendszerváltás | ||
| 695 | |a politikai elit | ||
| 695 | |a elit | ||
| 695 | |a polgárság | ||
| 695 | |a Magyarország | ||
| 695 | |a POWER Paul F. | ||
| 695 | |a KONRÁD György | ||
| 695 | |a SZELÉNYI Iván | ||
| 695 | |a Magyar Demokrata Fórum (MDF) | ||
| 773 | 0 | |t Korunk. - |g 10 sz., 1992, 52-61 p. | |